000 00380nam a2200145Ia 4500
008 100122s9999 xx 000 0 und d
082 _b46764
_a823
100 _aइनामदार ना सं
245 _aराऊ
260 _bकॉटिनेंटल प्रकाशन
_c1992
300 _a417
630 _aराऊ
730 _aराऊ
942 _cBOOK
999 _c425813
_d425810